Más participaciones en Copa América - Estadísticas

Estadísticas generales
  • Esta prueba ha sido intentada 250 veces
  • La puntuación promedio es 17 de 19
Estadísticas de respuestas
Participaciones País % Correcto
42 Argentina
100%
36 Brasil
100%
39 Chile
100%
22 Colombia
100%
44 Uruguay
100%
10 México
99%
32 Perú
99%
18 Venezuela
99%
27 Bolivia
98%
4 Estados Unidos
98%
37 Paraguay
98%
28 Ecuador
96%
1 Panamá
89%
5 Costa Rica
87%
1 Honduras
86%
2 Jamaica
79%
2 Japón
76%
1 Catar
71%
1 Haití
71%
No se encontraron pruebas coincidentes
Distribución de puntuación
Porcentaje de gente con cada puntuación
Porcentaje por número respondido
Historial de tus puntuaciones
No has intentado esta prueba.